Statistics for Mario Kart Tour: All Characters

Click here to take the quiz!

General Stats

  • This quiz has been taken 1,060 times
    (617 since last reset)
  • The average score is 143 of 183

Answer Stats

RaritySpecial ItemAnswer% Correct
High-EndHammerBuilder Mario
99%
High-EndSuper BellCat Mario
99%
High-EndCapsuleDr. Mario
99%
High-EndIce FlowerIce Mario
99%
High-EndDash RingMario (Aviator)
99%
High-EndMushroom CannonMario (Baseball)
99%
High-EndLucky SevenMario (Chef)
99%
High-EndTriple MushroomsMario (Classic)
99%
High-EndMushroom CannonMario (Golf)
99%
High-EndCoin BoxMario (Hakama)
99%
High-EndLucky SevenMario (Halloween)
99%
High-EndBob-omb CannonMario (Happi)
99%
High-EndDouble Bob-ombsMario (Musician)
99%
High-EndIce FlowerMario (Penguin)
99%
High-EndTriple MushroomsMario (Racing)
99%
High-EndBoomerang FlowerMario (Samurai)
99%
High-EndFire FlowerMario (Santa)
99%
High-EndLucky SevenMario (Satellaview)
99%
High-EndTriple MushroomsMario (SNES)
99%
High-EndGiant BananaMario (Sunshine)
99%
High-EndDash RingMario (Swimwear)
99%
High-EndCoin BoxMario (Tuxedo)
99%
High-EndFire FlowerMetal Mario
99%
High-EndSuper LeafTanooki Mario
99%
High-EndHammerBuilder Luigi
98%
High-EndSuper BellCat Luigi
98%
High-EndSuper BellCat Peach
98%
High-EndCapsuleDr. Luigi
98%
High-EndCapsuleDr. Peach
98%
High-EndLucky SevenLuigi (Classic)
98%
High-EndDouble Bob-ombsLuigi (Golf)
98%
High-EndBoomerang FlowerLuigi (Vacation)
98%
SuperFire FlowerMario
98%
High-EndBob-Omb CannonPeach (Explorer)
98%
High-EndFire FlowerPeach (Halloween)
98%
High-EndLucky SevenPeach (Happi)
98%
High-EndMushroom CannonPeach (Kimono)
98%
High-EndCoin BoxPeach (Vacation)
98%
High-EndTriple MushroomsPeach (Wedding)
98%
High-EndDash RingPeach (Wintertime)
98%
High-EndGiga Bob-ombPeach (Yukata)
98%
High-EndIce FlowerPenguin Luigi
98%
High-EndCoin BoxPink Gold Peach
98%
SuperHeartPeach
97%
SuperBowser's ShellBowser
96%
High-EndCoin BoxBowser (Santa)
96%
High-EndCapsuleDr. Bowser
96%
High-EndBowser's ShellDry Bowser
96%
High-EndBob-omb CannonDry Bowser (Gold)
96%
High-EndCoin BoxMeowser
96%
High-EndHeartDaisy (Fairy)
94%
High-EndHammerDaisy (Farmer)
94%
High-EndLucky SevenDaisy (Holiday Cheer)
94%
High-EndTriple BananasDaisy (Swimwear)
94%
High-EndCoin BoxDaisy (Thai Dress)
94%
High-EndFire FlowerDaisy (Yukata)
94%
High-EndDouble Bob-ombsBlack Yoshi
93%
SuperDash RingBlue Yoshi
93%
SuperFire FlowerLuigi
93%
High-EndTriple MushroomsLuigi (Lederhosen)
93%
High-EndLucky SevenLuigi (Painter)
93%
SuperHeartPink Yoshi
93%
SuperYoshi's EggRed Yoshi
93%
High-EndTriple MushroomsWhite Yoshi
93%
SuperYoshi's EggYoshi
93%
High-EndYoshi's EggYoshi (Egg Hunt)
93%
High-EndCoin BoxYoshi (Gold Egg)
93%
High-EndBoomerang FlowerYoshi (Kangaroo)
93%
High-EndYoshi's EggYoshi (Reindeer)
93%
SuperHeartDaisy
91%
High-EndBob-omb CannonBuilder Toad
89%
High-EndHammerCaptain Toad
89%
High-EndSuper BellCat Toad
89%
SuperIce FlowerLight-Blue Toad (Pit Crew)
89%
High-EndDash RingPenguin Toad
89%
SuperTriple MushroomsToad
89%
High-EndMushroom CannonToad (Party Time)
89%
SuperBoomerang FlowerToad (Pit Crew)
89%
SuperGiant BananaYellow Toad (Pit Crew)
89%
SuperIce FlowerBlue Koopa (Freerunning)
87%
SuperGiant BananaDonkey Kong
87%
High-EndTriple BananasDonkey Kong Jr. (SNES)
87%
High-EndCoin BoxGold Koopa (Freerunning)
87%
NormalTriple Green ShellsKoopa Troopa
87%
SuperDouble Bob-ombsPurple Koopa (Freerunning)
87%
SuperFire FlowerRed Koopa (Freerunning)
87%
High-EndSuper BellCat Rosalina
85%
High-EndFire FlowerFire Rosalina
85%
High-EndIce FlowerRosalina (Aurora)
85%
High-EndGiant BananaRosalina (Chef)
85%
High-EndDash RingRosalina (Halloween)
85%
High-EndCoin BoxRosalina (Swimwear)
85%
High-EndBoomerang FlowerRosalina (Volendam)
85%
High-EndSuper LeafTanooki Rosalina
85%
SuperBanana BarrelsDiddy Kong
82%
SuperDouble Bob-ombsWario
81%
High-EndFire FlowerWario (Cowboy)
81%
High-EndBob-omb CannonWario (Hiker)
81%
High-EndBob-omb CannonBirdo (Black)
80%
SueprDash RingBirdo (Blue)
80%
SuperBirdo's EggBirdo (Light Blue)
80%
High-EndTriple MushroomsBirdo (White)
80%
SuperBirdo's EggBirdo (Yellow)
80%
SuperDash RingRosalina
80%
SuperDouble Bob-ombsWaluigi
80%
High-EndTriple BananasWaluigi (Bus Driver)
80%
High-EndBob-omb CannonWaluigi (Vampire)
80%
SuperBirdo's EggBirdo
79%
NormalBoomerang FlowerBaby Luigi
78%
NormalBoomerang FlowerBaby Mario
78%
High-EndHeartBaby Mario (Koala)
78%
SuperBowser's ShellBowser Jr.
78%
High-EndBob-omb CannonBowser Jr. (Pirate)
78%
NormalBubbleBaby Peach
76%
High-EndHeartBaby Peach (Cherub)
76%
High-EndHammerBuilder Toadette
76%
SuperTriple MushroomsToadette
76%
High-EndIce FlowerPenguin Toadette
75%
High-EndDouble Bob-ombsToadette (Explorer)
75%
NormalBubbleBaby Daisy
74%
SuperLucky SevenKing Boo
71%
High-EndCoin BoxKing Boo (Gold)
71%
High-EndBob-omb CannonKing Boo (Luigi's Mansion)
71%
NormalBubbleBaby Rosalina
68%
High-EndDash RingBaby Rosalina (Detective)
68%
SuperBob-omb CannonBlack Shy Guy
67%
SuperTriple Green ShellsGreen Shy Guy
67%
SuperIce FlowerLight-blue Shy Guy
67%
NormalDash RingLudwig
67%
SuperHeartPink Shy Guy
67%
High-EndGiant BananaPink Shy Guy (Ninja)
67%
NormalDouble Bob-ombsShy Guy
67%
High-EndGiga Bob-ombShy Guy (Gold)
67%
High-EndBoomerang FlowerShy Guy (Ninja)
67%
High-EndMushroom CannonShy Guy (Pastry Chef)
67%
NormalHeartWendy
67%
NormalTriple Green ShellsDry Bones
65%
High-EndCoin BoxDry Bones (Gold)
65%
NormalBubbleLemmy
65%
NormalGiant BananaMorton
65%
NormalDouble Bob-ombsRoy
65%
NormalTriple Green ShellsIggy
64%
High-EndLucky SevenPauline
63%
High-EndCoin BoxPauline (Party Time)
63%
High-EndFire FlowerPauline (Rose)
63%
High-EndBanana BarrelsFunky Kong
62%
NormalBoomerang FlowerLarry
62%
SuperHammerHammer Bro
57%
High-EndTriple BananasDixie Kong
50%
High-EndBirdo's EggBirdo Mii Racing Suit
47%
High-EndCoin Box? Block Mii Racing Suit
47%
High-EndBoomerang FlowerBronze Mii Racing Suit
47%
High-EndSuper BellCat Mii Racing Suit
47%
High-EndDouble Bob-ombsChain Chomp Mii Racing Suit
47%
High-EndGiant BananaDonkey Kong Mii Racing Suit
47%
High-EndCoin BoxGold Mii Racing Suit
47%
High-EndGiga Bob-ombKing Bob-omb
47%
High-EndCoin BoxKing Bob-omb (Gold)
47%
High-EndGiga Bob-ombKing Bob-omb Mii Racing Suit
47%
High-EndLucky SevenKing Boo Mii Racing Suit
47%
High-EndFire FlowerLuigi Mii Racing Suit
47%
High-EndFire FlowerMario Mii Racing Suit
47%
High-EndLucky SevenNabbit Mii Racing Suit
47%
High-EndTriple BananasPastry Chef Mii Racing Suit
47%
High-EndHeartPeach Mii Racing Suit
47%
High-EndBoomerang FlowerPetey Piranha Mii Racing Suit
47%
High-EndMushroom CannonRed Mii Racing Suit
47%
High-EndDash RingRosalina Mii Racing Suit
47%
High-EndLucky SevenSilver Mii Racing Suit
47%
High-EndTriple MushroomsToad Mii Racing Suit
47%
High-EndDouble Bob-ombsWario Mii Racing Suit
47%
High-EndYoshi's EggYoshi Mii Racing Suit
47%
High-EndCoin BoxKamek
46%
SuperTriple Green ShellsLakitu
46%
High-EndLucky SevenLakitu (Party Time)
46%
High-EndMushroom CannonPeachette
46%
SuperFire FlowerFire Bro
45%
SuperBoomerang FlowerBoomerang Bro
44%
High-EndBoomerang FlowerPetey Piranha
44%
SuperIce FlowerIce Bro
43%
SuperMushroom CannonMonty Mole
34%
High-EndLucky SevenNabbit
25%
High-EndLucky SevenChargin' Chuck
22%

Score Distribution

Percentile by Number Answered

Percent of People with Each Score

Your Score History

You have not taken this quiz since the last reset